| 000 | 01499nam0a2200361 4500 | ||
|---|---|---|---|
| 001 | RU\NLR\bibl\58183 | ||
| 005 | 20250616090536.0 | ||
| 010 |
_a5-7310-0878-7 _9300 |
||
| 020 |
_aRU _b98-26780 _9Книжная летопись |
||
| 021 |
_aRU _b98-17591 _9833 |
||
| 035 | _a(NLR Aleph) 000056738 | ||
| 090 |
_a307078 _c307078 |
||
| 100 | _a19990528d1998 |||y0rusy50 ca | ||
| 101 | 0 | _arus | |
| 102 | _aRU | ||
| 105 | _aa ||||||||| | ||
| 200 | 1 |
_aМаркетинг. Задачи и ситуации _eУчеб. пособие _fГ. Л. Багиев _gС.-Петерб. гос. ун-т экономики и финансов, Каф. маркетинга |
|
| 210 |
_aСПб. _cИзд-во С.-Петерб. гос. ун-та экономики и финансов _d1998 |
||
| 215 |
_a86,[1] с. _d20 |
||
| 320 | _aБиблиогр.: с. 84-86 (30 назв.) | ||
| 606 | 0 |
_aМаркетинг _jРуководства, пособия и т.п. для высшей школы _91262222 _3RU\NLR\auth\66200829 |
|
| 606 | 0 |
_aМаркетинг _jУчебные издания для высшей школы _91262222 _3RU\NLR\auth\66200829 |
|
| 675 |
_a339.138(075.8) _v3 _zrus |
||
| 686 |
_a71 _2rugasnti |
||
| 686 |
_a65.9(2) _2rubbk |
||
| 686 | _aУ5-361.4я73 | ||
| 700 | 1 |
_aБагиев _gГеоргий Леонидович _4070 |
|
| 801 | 0 |
_aRU _bRKP _c19990528 _gPSBO |
|
| 801 | 1 |
_aRU _bRKP _c19990528 |
|
| 801 | 2 |
_aRU _bNLR _c19991117 _grcr |
|
| 852 |
_aNLR _j98-4/7178 |
||
| 942 | _cBOOK | ||
| 980 | _aNB | ||